| 000 | 004690000a22001810004500 | ||
|---|---|---|---|
| 003 | MACL | ||
| 005 | 20151021122116.0 | ||
| 008 | 151021b xxu||||| |||| 00| 0 eng d | ||
| 040 |
_aMACL _cMACL |
||
| 041 | _aEnglish | ||
| 082 | _a954.031/CHA | ||
| 100 |
_aChakraborti, Phanindra _916172 |
||
| 245 | _aRise And Growth Of English East India Company | ||
| 260 |
_bPunthi Pustak _c1994 _aCalcutta |
||
| 350 | _a375 | ||
| 650 |
_aHistory _916173 |
||
| 942 |
_cBK _k954.031 _2ddc |
||
| 999 |
_c2648 _d2648 |
||